Miasta w Polsce z końcówką "-sk" - Nagła Śmierć - Statystyki

Ogólne statystyki
  • Ten quiz został rozwiązany 91 razy
  • Średni wynik to 9 z 18
Answers on the Grid
Answers color-coded by a green-red scale on the quiz's grid according to % correct below.
Barańsk
Bielsk
Brańsk
Brzesk
Czersk
Czerwieńsk
Dolsk
Drawsk
Dulsk
Gdańsk
Golińsk
Kamieńsk
Kask
Koronask
Łask
Leżajsk
Lipsk
Lutomiersk
Mińsk
Mirsk
Młyńsk
Nasielsk
Ożańsk
Pieńsk
Płońsk
Polańsk
Porańsk
Przeworsk
Pułtusk
Słupsk
Sońsk
Trzask
Trzcińsk
Wyrzysk
Zerżańsk
Żagańsk
 
Statystyki odpowiedzi
Odpowiedź % Poprawnych
Gdańsk
80%
Słupsk
80%
Pułtusk
73%
Płońsk
71%
Leżajsk
69%
Przeworsk
62%
Łask
58%
Czersk
49%
Nasielsk
47%
Czerwieńsk
42%
Lipsk
40%
Wyrzysk
40%
Brańsk
38%
Kamieńsk
36%
Mirsk
33%
Dolsk
31%
Lutomiersk
31%
Pieńsk
29%
Nie znaleziono quizów pasujących do podanych kryteriów
Rozkład punktacji
Procent ludzi z każdym wynikiem
Percentyl według liczby udzielonych odpowiedzi
Twoja historia wyników
Nie rozwiązałeś tego quizu